00814nac a22002171u 4500020002000000082001500020090001500035100003400050245009500084260006500179500003800244504005100282511002400333650002500357650002400382700002300406700002400429942001700453999001500470952011100485 a9788122421149 : a620.7bSID c8899d8899 aSiddiqui, K. U.  aMechanical system design :c K. U. Siddiqui and Manoj Kumar Singh ; Edited by M. A. Faruqi aNew Delhi :bNew age international (p) Limited,2007.cc2007. aDistributer : Al Magmoa Al Elmeya aIncludes bibliographical references and index. aCatalogued by: Sara aSystems engineering. aEngineering design. aSingh, Manoj Kumar aFaruqi, M. A. [ed.] cBBk620.7SID c8899d8899 00104070aMAINbMAINc1STd2008-03-30ePurchasel0o620.7SIDp000010783r2025-07-15 00:00:00v120.00yBB